000 00221nam a22000857a 4500
008 161201b xxu||||| |||| 00| 0 eng d
100 _91639
_aYoung Learners
245 _aFamous Moral Stories
260 _aNew Delhi
_bN.D YLP
_c2011
999 _c4353
_d4353